[Event "Najdorf Memorial"]
[Site "Warsaw POL"]
[Date "2021.07.15"]
[Round "6.17"]
[White "Kacprzak, Karol"]
[Black "Bebel, Arkadiusz"]
[Result "1/2-1/2"]
[WhiteElo "2151"]
[BlackElo "2306"]
[EventDate "2021.07.10"]
[PlyCount "84"]
[LiveChessVersion "1.4.8"]

1.d4 {[%clk 1:30:57]} 1...e6 {[%clk 1:30:53]} 2.c4 {[%clk 1:30:30]} 2...Nf6
{[%clk 1:31:16]} 3.Nc3 {[%clk 1:30:21]} 3...Bb4 {[%clk 1:31:33]} 4.e3 {[%clk
1:30:42]} 4...O-O {[%clk 1:31:01]} 5.Bd3 {[%clk 1:30:46]} 5...d5 {[%clk
1:31:08]} 6.cxd5 {[%clk 1:30:48]} 6...exd5 {[%clk 1:31:02]} 7.Ne2 {[%clk
1:31:05]} 7...Re8 {[%clk 1:29:49]} 8.Bd2 {[%clk 1:31:15]} 8...Bd6 {[%clk
1:21:48]} 9.Rc1 {[%clk 1:31:25]} 9...c6 {[%clk 1:18:44]} 10.Ng3 {[%clk 1:25:23]}
10...Nbd7 {[%clk 1:14:56]} 11.O-O {[%clk 1:24:48]} 11...a6 {[%clk 1:07:34]}
12.f3 {[%clk 0:58:08]} 12...c5 {[%clk 1:06:36]} 13.Nce2 {[%clk 0:51:44]}
13...cxd4 {[%clk 1:01:40]} 14.Nxd4 {[%clk 0:51:13]} 14...Ne5 {[%clk 1:01:42]}
15.Be2 {[%clk 0:51:20]} 15...Bd7 {[%clk 0:59:08]} 16.b3 {[%clk 0:41:14]}
16...Rc8 {[%clk 0:58:50]} 17.Rxc8 {[%clk 0:39:35]} 17...Qxc8 {[%clk 0:56:13]}
18.Qc1 {[%clk 0:36:56]} 18...Qb8 {[%clk 0:56:26]} 19.Ngf5 {[%clk 0:30:01]}
19...Bf8 {[%clk 0:53:30]} 20.Qb2 {[%clk 0:27:27]} 20...g6 {[%clk 0:40:31]}
21.Ng3 {[%clk 0:27:49]} 21...h5 {[%clk 0:40:41]} 22.Re1 {[%clk 0:24:48]}
22...h4 {[%clk 0:33:19]} 23.Nf1 {[%clk 0:25:02]} 23...Nh5 {[%clk 0:33:38]}
24.Bc3 {[%clk 0:20:13]} 24...Bd6 {[%clk 0:31:14]} 25.h3 {[%clk 0:19:10]}
25...Nc6 {[%clk 0:19:31]} 26.f4 {[%clk 0:15:14]} 26...Ng3 {[%clk 0:13:02]}
27.Nxg3 {[%clk 0:13:50]} 27...hxg3 {[%clk 0:13:20]} 28.Qd2 {[%clk 0:11:35]}
28...Bc5 {[%clk 0:10:52]} 29.Bf3 {[%clk 0:07:33]} 29...Qa7 {[%clk 0:10:54]}
30.Kf1 {[%clk 0:05:17]} 30...Nxd4 {[%clk 0:03:31]} 31.exd4 {[%clk 0:04:29]}
31...Bb5+ {[%clk 0:03:03]} 32.Be2 {[%clk 0:04:53]} 32...Rxe2 {[%clk 0:02:54]}
33.Rxe2 {[%clk 0:05:17]} 33...Bd6 {[%clk 0:02:57]} 34.Bb4 {[%clk 0:03:34]}
34...Bc7 {[%clk 0:01:00]} 35.Ke1 {[%clk 0:01:09]} 35...Bxe2 {[%clk 0:01:25]}
36.Kxe2 {[%clk 0:01:36]} 36...Qb6 {[%clk 0:01:29]} 37.Ba3 {[%clk 0:00:50]}
37...Qe6+ {[%clk 0:01:43]} 38.Qe3 {[%clk 0:00:44]} 38...Bxf4 {[%clk 0:02:11]}
39.Qxe6 {[%clk 0:01:06]} 39...fxe6 {[%clk 0:02:40]} 40.Kf3 {[%clk 0:31:14]}
40...Bc7 {[%clk 0:32:17]} 41.Bc1 {[%clk 0:26:00]} 41...Bb6 {[%clk 0:27:00]}
42.Bb2 {[%clk 0:25:14]} 42...Bc7 {[%clk 0:26:51]} 1/2-1/2

[Event "Najdorf Memorial"]
[Site "Warsaw POL"]
[Date "2021.07.15"]
[Round "6.18"]
[White "Seemann, Jakub"]
[Black "Kaminski, Maciej"]
[Result "1-0"]
[WhiteElo "2300"]
[BlackElo "1845"]
[EventDate "2021.07.10"]
[PlyCount "139"]
[LiveChessVersion "1.4.8"]

1.d4 {[%clk 1:30:56]} 1...Nf6 {[%clk 1:30:51]} 2.c4 {[%clk 1:31:21]} 2...g6
{[%clk 1:31:14]} 3.g3 {[%clk 1:31:45]} 3...Bg7 {[%clk 1:31:38]} 4.Bg2 {[%clk
1:32:10]} 4...O-O {[%clk 1:32:01]} 5.Nf3 {[%clk 1:32:30]} 5...d6 {[%clk
1:32:23]} 6.O-O {[%clk 1:32:50]} 6...Nc6 {[%clk 1:32:49]} 7.Nc3 {[%clk 1:33:13]}
7...e5 {[%clk 1:33:15]} 8.dxe5 {[%clk 1:32:58]} 8...Nxe5 {[%clk 1:32:54]}
9.Nxe5 {[%clk 1:33:02]} 9...dxe5 {[%clk 1:33:18]} 10.b3 {[%clk 1:31:04]}
10...Qxd1 {[%clk 1:27:50]} 11.Rxd1 {[%clk 1:31:13]} 11...c6 {[%clk 1:28:13]}
12.a4 {[%clk 1:21:34]} 12...Bf5 {[%clk 1:22:25]} 13.e4 {[%clk 1:19:44]}
13...Bg4 {[%clk 1:22:27]} 14.f3 {[%clk 1:20:03]} 14...Be6 {[%clk 1:22:50]}
15.Be3 {[%clk 1:19:42]} 15...Nd7 {[%clk 1:19:57]} 16.Nd5 {[%clk 1:18:24]}
16...cxd5 {[%clk 1:13:05]} 17.cxd5 {[%clk 1:18:38]} 17...Bxd5 {[%clk 1:13:27]}
18.Rxd5 {[%clk 1:12:46]} 18...Nb8 {[%clk 1:13:32]} 19.Rb5 {[%clk 1:07:58]}
19...b6 {[%clk 1:08:27]} 20.Rc1 {[%clk 1:06:58]} 20...Rd8 {[%clk 0:57:55]}
21.Bf1 {[%clk 1:03:52]} 21...Na6 {[%clk 0:51:53]} 22.Rd5 {[%clk 1:01:17]}
22...Rxd5 {[%clk 0:46:06]} 23.exd5 {[%clk 1:01:39]} 23...Nb4 {[%clk 0:46:30]}
24.d6 {[%clk 0:59:29]} 24...Bf8 {[%clk 0:41:18]} 25.d7 {[%clk 0:53:41]}
25...Rd8 {[%clk 0:41:33]} 26.Rc8 {[%clk 0:47:37]} 26...Be7 {[%clk 0:40:59]}
27.Bc4 {[%clk 0:43:42]} 27...Nc2 {[%clk 0:34:23]} 28.Bf2 {[%clk 0:41:51]}
28...Kg7 {[%clk 0:33:34]} 29.Rc7 {[%clk 0:42:01]} 29...Nd4 {[%clk 0:28:30]}
30.f4 {[%clk 0:41:33]} 30...Bc5 {[%clk 0:26:25]} 31.fxe5 {[%clk 0:39:35]}
31...Nf3+ {[%clk 0:26:04]} 32.Kg2 {[%clk 0:39:54]} 32...Nxe5 {[%clk 0:26:25]}
33.Bxc5 {[%clk 0:40:00]} 33...bxc5 {[%clk 0:25:44]} 34.Bb5 {[%clk 0:40:20]}
34...Kf6 {[%clk 0:17:39]} 35.Rxa7 {[%clk 0:40:42]} 35...Ke6 {[%clk 0:17:51]}
36.a5 {[%clk 0:40:24]} 36...Nxd7 {[%clk 0:14:04]} 37.a6 {[%clk 0:40:44]}
37...Ne5 {[%clk 0:09:18]} 38.Rb7 {[%clk 0:40:27]} 38...Rd2+ {[%clk 0:09:13]}
39.Kh3 {[%clk 0:34:39]} 39...f5 {[%clk 0:07:06]} 40.g4 {[%clk 1:00:18]}
40...fxg4+ {[%clk 0:31:23]} 41.Kg3 {[%clk 1:00:46]} 41...h5 {[%clk 0:28:24]}
42.a7 {[%clk 0:58:47]} 42...g5 {[%clk 0:26:51]} 43.h4 {[%clk 0:54:05]} 43...Ra2
{[%clk 0:07:56]} 44.Ba4 {[%clk 0:53:09]} 44...Kf5 {[%clk 0:05:09]} 45.Rf7+
{[%clk 0:52:22]} 45...Nxf7 {[%clk 0:03:36]} 46.a8=Q {[%clk 0:52:46]} 46...gxh4+
{[%clk 0:02:59]} 47.Kxh4 {[%clk 0:53:12]} 47...Kf4 {[%clk 0:01:12]} 48.Qb8+
{[%clk 0:53:11]} 48...Ne5 {[%clk 0:01:26]} 49.Qf8+ {[%clk 0:53:37]} 49...Ke4
{[%clk 0:01:19]} 50.Qxc5 {[%clk 0:52:27]} 50...Rh2+ {[%clk 0:01:16]} 51.Kg3
{[%clk 0:52:44]} 51...Rh3+ {[%clk 0:01:18]} 52.Kg2 {[%clk 0:53:09]} 52...h4
{[%clk 0:00:42]} 53.Bc6+ {[%clk 0:51:02]} 53...Nxc6 {[%clk 0:00:39]} 54.Qxc6+
{[%clk 0:51:30]} 54...Ke3 {[%clk 0:00:37]} 55.Qe6+ {[%clk 0:50:52]} 55...Kf4
{[%clk 0:01:04]} 56.b4 {[%clk 0:48:40]} 56...Rg3+ {[%clk 0:01:12]} 57.Kf2
{[%clk 0:49:07]} 57...Rf3+ {[%clk 0:01:29]} 58.Ke2 {[%clk 0:49:33]} 58...Kg3
{[%clk 0:00:34]} 59.Qe5+ {[%clk 0:41:08]} 59...Kg2 {[%clk 0:00:46]} 60.Qe4
{[%clk 0:41:21]} 60...Kg3 {[%clk 0:00:34]} 61.b5 {[%clk 0:41:33]} 61...h3
{[%clk 0:00:38]} 62.b6 {[%clk 0:39:05]} 62...h2 {[%clk 0:01:02]} 63.b7 {[%clk
0:35:56]} 63...Rf2+ {[%clk 0:01:09]} 64.Ke3 {[%clk 0:35:55]} 64...Rf3+ {[%clk
0:00:45]} 65.Qxf3+ {[%clk 0:36:20]} 65...gxf3 {[%clk 0:01:11]} 66.b8=Q+ {[%clk
0:36:47]} 66...Kg2 {[%clk 0:01:12]} 67.Qg8+ {[%clk 0:37:11]} 67...Kh1 {[%clk
0:00:55]} 68.Qg3 {[%clk 0:37:32]} 68...f2 {[%clk 0:01:20]} 69.Qf3+ {[%clk
0:38:00]} 69...Kg1 {[%clk 0:01:45]} 70.Qxf2+ {[%clk 0:38:27]} 1-0

[Event "Najdorf Memorial"]
[Site "Warsaw POL"]
[Date "2021.07.15"]
[Round "6.19"]
[White "Cukrowski, Filip"]
[Black "Kaczmarek, Arkadiusz"]
[Result "1-0"]
[WhiteElo "2389"]
[BlackElo "2147"]
[EventDate "2021.07.10"]
[PlyCount "69"]
[LiveChessVersion "1.4.8"]

1.e4 c5 2.d4 cxd4 3.Qxd4 Nc6 4.Qd2 Nf6 5.Nc3 e6 6.Nf3 Bb4 7.Bd3 d5 8.exd5 Nxd5
9.a3 Qa5 10.O-O O-O 11.axb4 Qxa1 12.Nxd5 exd5 13.b5 Ne7 14.Qb4 Ng6 15.h4 Re8
16.h5 Nf8 17.h6 Qa2 18.Qd4 f6 19.hxg7 Kxg7 20.b4 Re4 21.Bxe4 dxe4 22.Qxe4 Qe6
23.Qf4 Qf5 24.Qh6+ Kf7 25.Nd4 Qe4 26.Bb2 Bd7 27.c4 Rd8 28.Qh5+ Kg7 29.Qf3 Qxf3
30.Nxf3 Be6 31.c5 Bc4 32.Ra1 Ra8 33.b6 a6 34.Nd4 Rc8 35.Nf5+ 1-0

[Event "Najdorf Memorial"]
[Site "Warsaw POL"]
[Date "2021.07.15"]
[Round "6.20"]
[White "Golecki, Jan"]
[Black "Godzwon, Iwo"]
[Result "1/2-1/2"]
[WhiteElo "2161"]
[BlackElo "2375"]
[EventDate "2021.07.10"]
[PlyCount "76"]
[LiveChessVersion "1.4.8"]

1.d4 Nf6 2.c4 g6 3.Nc3 Bg7 4.e4 d6 5.Nf3 O-O 6.h3 Na6 7.Be3 e5 8.d5 Nc5 9.Nd2
a5 10.g4 Nfd7 11.h4 h6 12.Be2 c6 13.Nf1 cxd5 14.cxd5 b5 15.Bxb5 Ba6 16.Ng3 a4
17.Bxa6 Rxa6 18.h5 Rb6 19.Rb1 Qa8 20.Kf1 Rfb8 21.hxg6 fxg6 22.Qd2 Qb7 23.Nd1
Rb4 24.f3 Qb5+ 25.Kg1 Rf8 26.Kg2 Nd3 27.Nc3 Qa6 28.Nce2 Rfb8 29.b3 axb3 30.a3
Ra4 31.Bxh6 Bf6 32.Bg5 Bg7 33.Bh6 Bf6 34.Bg5 Bg7 35.Bh6 Bf6 36.Nh5 gxh5 37.Rxh5
Rxa3 38.Rg5+ Kf7 1/2-1/2

[Event "Najdorf Memorial"]
[Site "Warsaw POL"]
[Date "2021.07.15"]
[Round "6.21"]
[White "Kaczmarek, Aleksander"]
[Black "Leskiewicz, Ignacy"]
[Result "1-0"]
[WhiteElo "2371"]
[BlackElo "2135"]
[EventDate "2021.07.10"]
[PlyCount "83"]
[LiveChessVersion "1.4.8"]

1.e4 {[%clk 1:30:59]} 1...c5 {[%clk 1:30:55]} 2.b4 {[%clk 1:31:25]} 2...cxb4
{[%clk 1:31:18]} 3.Nf3 {[%clk 1:31:51]} 3...e6 {[%clk 1:30:40]} 4.d4 {[%clk
1:31:51]} 4...Nf6 {[%clk 1:30:00]} 5.Bd3 {[%clk 1:31:18]} 5...d5 {[%clk
1:24:36]} 6.e5 {[%clk 1:31:40]} 6...Ne4 {[%clk 1:22:05]} 7.O-O {[%clk 1:32:01]}
7...Be7 {[%clk 1:18:11]} 8.Re1 {[%clk 1:28:44]} 8...Nc3 {[%clk 1:17:23]} 9.Qd2
{[%clk 1:26:49]} 9...Qc7 {[%clk 1:10:59]} 10.a3 {[%clk 1:21:26]} 10...Nxb1
{[%clk 1:04:31]} 11.Rxb1 {[%clk 1:21:50]} 11...bxa3 {[%clk 1:04:54]} 12.Ra1
{[%clk 1:21:51]} 12...Nd7 {[%clk 1:03:09]} 13.Bxa3 {[%clk 1:16:38]} 13...Nb6
{[%clk 1:03:38]} 14.Bxe7 {[%clk 1:11:44]} 14...Qxe7 {[%clk 1:02:45]} 15.Reb1
{[%clk 1:09:43]} 15...Nc4 {[%clk 0:56:07]} 16.Qf4 {[%clk 1:09:25]} 16...b6
{[%clk 0:51:54]} 17.Qg4 {[%clk 1:02:16]} 17...g6 {[%clk 0:37:27]} 18.h4 {[%clk
1:01:57]} 18...Bb7 {[%clk 0:34:19]} 19.h5 {[%clk 1:02:10]} 19...Bc6 {[%clk
0:32:06]} 20.h6 {[%clk 0:57:33]} 20...b5 {[%clk 0:30:31]} 21.Ra6 {[%clk
0:51:27]} 21...Bb7 {[%clk 0:29:48]} 22.Ra2 {[%clk 0:51:50]} 22...b4 {[%clk
0:26:52]} 23.Qf4 {[%clk 0:48:52]} 23...a5 {[%clk 0:18:25]} 24.Nh2 {[%clk
0:49:00]} 24...O-O {[%clk 0:09:27]} 25.Ng4 {[%clk 0:49:13]} 25...Rfb8 {[%clk
0:09:18]} 26.Nf6+ {[%clk 0:49:22]} 26...Kh8 {[%clk 0:09:31]} 27.c3 {[%clk
0:40:07]} 27...bxc3 {[%clk 0:04:19]} 28.Nd7 {[%clk 0:31:15]} 28...g5 {[%clk
0:04:48]} 29.Qf3 {[%clk 0:28:12]} 29...Nd2 {[%clk 0:05:05]} 30.Rxd2 {[%clk
0:27:12]} 30...cxd2 {[%clk 0:05:28]} 31.Nxb8 {[%clk 0:25:22]} 31...Rxb8 {[%clk
0:05:37]} 32.Bc2 {[%clk 0:23:55]} 32...Kg8 {[%clk 0:03:01]} 33.Qd3 {[%clk
0:19:44]} 33...f6 {[%clk 0:03:30]} 34.exf6 {[%clk 0:20:06]} 34...Qxf6 {[%clk
0:03:35]} 35.Qxh7+ {[%clk 0:20:20]} 35...Kf8 {[%clk 0:04:04]} 36.Qd7 {[%clk
0:15:30]} 36...Qe7 {[%clk 0:01:56]} 37.Qxe7+ {[%clk 0:15:16]} 37...Kxe7 {[%clk
0:02:25]} 38.h7 {[%clk 0:15:32]} 38...Kf6 {[%clk 0:02:04]} 39.Rxb7 {[%clk
0:15:51]} 39...Rc8 {[%clk 0:01:31]} 40.Kf1 {[%clk 0:46:04]} 40...a4 {[%clk
0:30:56]} 41.Bxa4 {[%clk 0:46:11]} 41...Kg6 {[%clk 0:31:10]} 42.Ke2 {[%clk
0:46:27]} 1-0

[Event "Najdorf Memorial"]
[Site "Warsaw POL"]
[Date "2021.07.15"]
[Round "6.22"]
[White "Ustianovich, Nazar"]
[Black "Musial, Tomasz"]
[Result "1-0"]
[WhiteElo "2358"]
[BlackElo "2121"]
[EventDate "2021.07.10"]
[PlyCount "91"]
[LiveChessVersion "1.4.8"]

1.d4 {[%clk 1:07:39]} 1...e6 {[%clk 1:30:49]} 2.c4 {[%clk 1:07:41]} 2...Nf6
{[%clk 1:31:14]} 3.Nf3 {[%clk 1:07:55]} 3...b6 {[%clk 1:31:15]} 4.a3 {[%clk
1:08:19]} 4...Bb7 {[%clk 1:30:54]} 5.Nc3 {[%clk 1:08:44]} 5...d5 {[%clk
1:31:19]} 6.Qa4+ {[%clk 1:06:36]} 6...Qd7 {[%clk 1:25:00]} 7.Qb3 {[%clk
1:07:00]} 7...dxc4 {[%clk 1:16:48]} 8.Qxc4 {[%clk 1:07:29]} 8...Bd6 {[%clk
1:15:56]} 9.Bg5 {[%clk 0:42:28]} 9...Ne4 {[%clk 1:07:24]} 10.Bh4 {[%clk
0:41:02]} 10...O-O {[%clk 0:57:04]} 11.e3 {[%clk 0:32:02]} 11...Nxc3 {[%clk
0:45:59]} 12.Qxc3 {[%clk 0:32:14]} 12...Rc8 {[%clk 0:43:10]} 13.Be2 {[%clk
0:30:05]} 13...c5 {[%clk 0:41:43]} 14.O-O {[%clk 0:24:58]} 14...Be7 {[%clk
0:34:37]} 15.Bxe7 {[%clk 0:17:27]} 15...Qxe7 {[%clk 0:34:52]} 16.Rac1 {[%clk
0:17:07]} 16...Nd7 {[%clk 0:34:37]} 17.Rfd1 {[%clk 0:16:52]} 17...Nf6 {[%clk
0:33:16]} 18.dxc5 {[%clk 0:14:12]} 18...Rxc5 {[%clk 0:32:16]} 19.Qd4 {[%clk
0:14:30]} 19...Rd5 {[%clk 0:30:26]} 20.Qa4 {[%clk 0:14:30]} 20...h6 {[%clk
0:24:43]} 21.Rxd5 {[%clk 0:13:38]} 21...Nxd5 {[%clk 0:24:34]} 22.Nd4 {[%clk
0:12:38]} 22...a6 {[%clk 0:19:21]} 23.Bf3 {[%clk 0:12:35]} 23...b5 {[%clk
0:18:51]} 24.Qa5 {[%clk 0:10:24]} 24...Qd8 {[%clk 0:14:32]} 25.Qxd8+ {[%clk
0:09:26]} 25...Rxd8 {[%clk 0:14:57]} 26.Nc6 {[%clk 0:09:39]} 26...Re8 {[%clk
0:11:59]} 27.Bxd5 {[%clk 0:10:02]} 27...exd5 {[%clk 0:12:23]} 28.Nd4 {[%clk
0:08:56]} 28...Kf8 {[%clk 0:08:02]} 29.Kf1 {[%clk 0:08:43]} 29...Rc8 {[%clk
0:06:49]} 30.Rxc8+ {[%clk 0:08:41]} 30...Bxc8 {[%clk 0:07:15]} 31.Ke2 {[%clk
0:09:07]} 31...Ke7 {[%clk 0:07:17]} 32.Kd3 {[%clk 0:07:55]} 32...Kd6 {[%clk
0:05:57]} 33.Nb3 {[%clk 0:03:54]} 33...Kc6 {[%clk 0:04:50]} 34.Kd4 {[%clk
0:04:06]} 34...f6 {[%clk 0:04:20]} 35.Na5+ {[%clk 0:04:10]} 35...Kb6 {[%clk
0:04:00]} 36.b4 {[%clk 0:04:30]} 36...Be6 {[%clk 0:04:25]} 37.Nb3 {[%clk
0:04:38]} 37...Bf7 {[%clk 0:04:34]} 38.f4 {[%clk 0:03:22]} 38...h5 {[%clk
0:03:30]} 39.g3 {[%clk 0:02:44]} 39...Be6 {[%clk 0:02:47]} 40.Nc5 {[%clk
0:32:14]} 40...Bf7 {[%clk 0:33:06]} 41.f5 {[%clk 0:24:09]} 41...a5 {[%clk
0:24:59]} 42.Ne6 {[%clk 0:22:52]} 42...axb4 {[%clk 0:25:10]} 43.axb4 {[%clk
0:23:21]} 43...g6 {[%clk 0:22:37]} 44.Kxd5 {[%clk 0:19:09]} 44...gxf5 {[%clk
0:23:00]} 45.Kd6 {[%clk 0:19:37]} 45...Bg8 {[%clk 0:22:51]} 46.Ng7 {[%clk
0:19:42]} 1-0

[Event "Najdorf Memorial"]
[Site "Warsaw POL"]
[Date "2021.07.15"]
[Round "6.23"]
[White "Smieszek, Wojciech"]
[Black "Reza, Wojciech"]
[Result "0-1"]
[WhiteElo "2107"]
[BlackElo "2304"]
[EventDate "2021.07.10"]
[PlyCount "52"]
[LiveChessVersion "1.4.8"]

1.e4 {[%clk 1:30:57]} 1...c5 {[%clk 1:30:56]} 2.Nf3 {[%clk 1:31:22]} 2...Nc6
{[%clk 1:31:09]} 3.d4 {[%clk 1:31:46]} 3...cxd4 {[%clk 1:31:33]} 4.Nxd4 {[%clk
1:32:13]} 4...Nf6 {[%clk 1:31:56]} 5.Nc3 {[%clk 1:32:37]} 5...d6 {[%clk
1:32:21]} 6.Bc4 {[%clk 1:32:17]} 6...Bd7 {[%clk 1:31:59]} 7.Bb3 {[%clk 1:30:44]}
7...g6 {[%clk 1:31:03]} 8.Be3 {[%clk 1:30:15]} 8...Ng4 {[%clk 1:22:43]} 9.Bg5
{[%clk 1:23:55]} 9...Qb6 {[%clk 1:16:09]} 10.Nce2 {[%clk 1:04:42]} 10...Bg7
{[%clk 1:11:13]} 11.c3 {[%clk 1:03:35]} 11...e5 {[%clk 1:04:03]} 12.h3 {[%clk
0:52:43]} 12...exd4 {[%clk 1:00:36]} 13.hxg4 {[%clk 0:52:52]} 13...Bxg4 {[%clk
0:57:10]} 14.Qd2 {[%clk 0:44:18]} 14...Bxe2 {[%clk 0:43:09]} 15.Qxe2 {[%clk
0:44:20]} 15...Qc5 {[%clk 0:33:54]} 16.Qf3 {[%clk 0:39:30]} 16...O-O {[%clk
0:29:10]} 17.Qh3 {[%clk 0:30:15]} 17...h5 {[%clk 0:29:06]} 18.Bd2 {[%clk
0:30:24]} 18...Rae8 {[%clk 0:27:09]} 19.O-O-O {[%clk 0:28:33]} 19...Rxe4 {[%clk
0:23:27]} 20.Bc2 {[%clk 0:26:14]} 20...Re2 {[%clk 0:21:06]} 21.g4 {[%clk
0:21:51]} 21...dxc3 {[%clk 0:19:54]} 22.bxc3 {[%clk 0:20:56]} 22...Ne5 {[%clk
0:13:04]} 23.Bb3 {[%clk 0:14:07]} 23...Nxg4 {[%clk 0:12:06]} 24.Qd3 {[%clk
0:14:13]} 24...Rxf2 {[%clk 0:10:17]} 25.Rdg1 {[%clk 0:12:17]} 25...Rc8 {[%clk
0:07:21]} 26.Kb1 {[%clk 0:09:51]} 26...Qf5 {[%clk 0:07:35]} 0-1

[Event "Najdorf Memorial"]
[Site "Warsaw POL"]
[Date "2021.07.15"]
[Round "6.24"]
[White "Paszewski, Mateusz"]
[Black "Zysko, Jan"]
[Result "1-0"]
[WhiteElo "2280"]
[BlackElo "2080"]
[EventDate "2021.07.10"]
[PlyCount "71"]
[LiveChessVersion "1.4.8"]

1.d4 {[%clk 1:30:58]} 1...d5 {[%clk 1:27:44]} 2.c4 {[%clk 1:31:16]} 2...c6
{[%clk 1:28:08]} 3.cxd5 {[%clk 1:31:36]} 3...cxd5 {[%clk 1:28:32]} 4.Bf4 {[%clk
1:32:04]} 4...Nc6 {[%clk 1:28:18]} 5.e3 {[%clk 1:32:23]} 5...Nf6 {[%clk
1:27:10]} 6.Nc3 {[%clk 1:32:22]} 6...a6 {[%clk 1:26:39]} 7.Be2 {[%clk 1:32:20]}
7...Bf5 {[%clk 1:20:39]} 8.Nf3 {[%clk 1:31:48]} 8...Nh5 {[%clk 1:17:03]} 9.Be5
{[%clk 1:27:05]} 9...e6 {[%clk 1:16:26]} 10.O-O {[%clk 1:26:33]} 10...Be7
{[%clk 1:12:37]} 11.Rc1 {[%clk 1:24:54]} 11...Nf6 {[%clk 1:06:01]} 12.Bg3
{[%clk 0:44:31]} 12...O-O {[%clk 1:00:46]} 13.Na4 {[%clk 0:39:46]} 13...Nd7
{[%clk 0:41:37]} 14.a3 {[%clk 0:35:23]} 14...Rc8 {[%clk 0:36:20]} 15.b4 {[%clk
0:28:16]} 15...a5 {[%clk 0:24:51]} 16.b5 {[%clk 0:27:49]} 16...Na7 {[%clk
0:25:14]} 17.Qb3 {[%clk 0:27:23]} 17...Nb6 {[%clk 0:10:51]} 18.Nc5 {[%clk
0:15:02]} 18...Nc4 {[%clk 0:08:42]} 19.Bxc4 {[%clk 0:06:34]} 19...dxc4 {[%clk
0:08:09]} 20.Rxc4 {[%clk 0:07:01]} 20...b6 {[%clk 0:08:20]} 21.Na4 {[%clk
0:07:00]} 21...Rxc4 {[%clk 0:08:30]} 22.Qxc4 {[%clk 0:07:29]} 22...Bxa3 {[%clk
0:08:51]} 23.Bc7 {[%clk 0:03:41]} 23...Qd7 {[%clk 0:08:57]} 24.Bxb6 {[%clk
0:02:36]} 24...Qxb5 {[%clk 0:09:16]} 25.Qa2 {[%clk 0:02:07]} 25...Nc8 {[%clk
0:03:32]} 26.Qxa3 {[%clk 0:01:54]} 26...Nxb6 {[%clk 0:03:55]} 27.Nxb6 {[%clk
0:02:10]} 27...Qxb6 {[%clk 0:04:25]} 28.Rc1 {[%clk 0:02:34]} 28...Rb8 {[%clk
0:03:20]} 29.Ne5 {[%clk 0:02:46]} 29...Qb5 {[%clk 0:01:17]} 30.h3 {[%clk
0:01:48]} 30...Be4 {[%clk 0:00:45]} 31.Rc5 {[%clk 0:01:04]} 31...Qb1+ {[%clk
0:00:34]} 32.Kh2 {[%clk 0:01:33]} 32...Qe1 {[%clk 0:00:34]} 33.f3 {[%clk
0:00:48]} 33...f6 {[%clk 0:00:32]} 34.Qa2 {[%clk 0:00:35]} 34...Bd5 {[%clk
0:00:53]} 35.Rxd5 {[%clk 0:01:00]} 35...Qxe3 {[%clk 0:00:34]} 36.Rd8+ {[%clk
0:01:04]} 1-0

[Event "Najdorf Memorial"]
[Site "Warsaw POL"]
[Date "2021.07.15"]
[Round "6.25"]
[White "Malicka, Maria"]
[Black "Goraj, Barbara"]
[Result "1-0"]
[WhiteElo "2272"]
[BlackElo "2076"]
[EventDate "2021.07.10"]
[PlyCount "91"]
[LiveChessVersion "1.4.8"]

1.e4 {[%clk 1:30:58]} 1...c5 {[%clk 1:30:51]} 2.Nf3 {[%clk 1:31:25]} 2...d6
{[%clk 1:31:12]} 3.d4 {[%clk 1:31:51]} 3...cxd4 {[%clk 1:31:33]} 4.Nxd4 {[%clk
1:32:18]} 4...Nf6 {[%clk 1:31:50]} 5.Nc3 {[%clk 1:32:45]} 5...Nc6 {[%clk
1:32:06]} 6.f3 {[%clk 1:33:09]} 6...e5 {[%clk 1:32:19]} 7.Nb3 {[%clk 1:33:35]}
7...Be7 {[%clk 1:32:41]} 8.Be3 {[%clk 1:33:59]} 8...O-O {[%clk 1:32:46]} 9.Qd2
{[%clk 1:34:23]} 9...a5 {[%clk 1:33:07]} 10.Bb5 {[%clk 1:33:41]} 10...Be6
{[%clk 1:33:12]} 11.O-O-O {[%clk 1:33:25]} 11...Qb8 {[%clk 1:33:29]} 12.Kb1
{[%clk 1:27:41]} 12...Rc8 {[%clk 1:30:23]} 13.a3 {[%clk 1:19:24]} 13...Na7
{[%clk 0:56:28]} 14.Bxa7 {[%clk 1:15:56]} 14...Qxa7 {[%clk 0:56:27]} 15.g4
{[%clk 1:02:45]} 15...a4 {[%clk 0:34:15]} 16.Nxa4 {[%clk 1:02:50]} 16...Bc4
{[%clk 0:30:55]} 17.Bxc4 {[%clk 0:59:26]} 17...Rxc4 {[%clk 0:28:23]} 18.Nc3
{[%clk 0:59:51]} 18...Qa6 {[%clk 0:20:54]} 19.g5 {[%clk 0:48:17]} 19...Nd7
{[%clk 0:20:44]} 20.Nd5 {[%clk 0:48:32]} 20...Bf8 {[%clk 0:20:56]} 21.h4 {[%clk
0:45:46]} 21...b5 {[%clk 0:19:24]} 22.h5 {[%clk 0:42:22]} 22...b4 {[%clk
0:16:08]} 23.Nxb4 {[%clk 0:41:41]} 23...Rxb4 {[%clk 0:14:58]} 24.Qxb4 {[%clk
0:41:38]} 24...d5 {[%clk 0:13:29]} 25.Qc3 {[%clk 0:37:15]} 25...d4 {[%clk
0:12:49]} 26.Qd3 {[%clk 0:37:39]} 26...Qa4 {[%clk 0:11:07]} 27.f4 {[%clk
0:30:46]} 27...Bxa3 {[%clk 0:06:43]} 28.bxa3 {[%clk 0:27:52]} 28...Qxa3 {[%clk
0:06:24]} 29.Qc4 {[%clk 0:08:33]} 29...Nb6 {[%clk 0:03:22]} 30.Qc5 {[%clk
0:08:22]} 30...Qa2+ {[%clk 0:03:27]} 31.Kc1 {[%clk 0:08:50]} 31...Na4 {[%clk
0:00:55]} 32.Qc6 {[%clk 0:08:56]} 32...Nc3 {[%clk 0:00:35]} 33.Kd2 {[%clk
0:08:25]} 33...Nxd1 {[%clk 0:00:35]} 34.Rxd1 {[%clk 0:08:54]} 34...Rd8 {[%clk
0:00:43]} 35.Ra1 {[%clk 0:07:59]} 35...Qb2 {[%clk 0:01:05]} 36.Qc7 {[%clk
0:07:51]} 36...Re8 {[%clk 0:00:34]} 37.Ra7 {[%clk 0:07:40]} 37...Rf8 {[%clk
0:00:55]} 38.g6 {[%clk 0:07:25]} 38...hxg6 {[%clk 0:00:54]} 39.hxg6 {[%clk
0:07:51]} 39...exf4 {[%clk 0:00:32]} 40.gxf7+ {[%clk 0:38:10]} 40...Kh8 {[%clk
0:30:37]} 41.Qc5 {[%clk 0:37:42]} 41...Qc3+ {[%clk 0:29:47]} 42.Qxc3 {[%clk
0:38:09]} 42...dxc3+ {[%clk 0:30:12]} 43.Kxc3 {[%clk 0:38:36]} 43...Kh7 {[%clk
0:29:26]} 44.e5 {[%clk 0:37:32]} 44...Kg6 {[%clk 0:29:39]} 45.e6 {[%clk
0:37:23]} 45...Kf6 {[%clk 0:30:03]} 46.Nc5 {[%clk 0:37:23]} 1-0